000 00449nam a2200169 i 4500
001 bg
100 1 _aGOLDMAN, A. G.
245 0 _aStimulirovannye toki i elektroljuminescencija /
_cA. G Goldman, G. A. Żolkiewicz.
260 _aKiev :
_b"Naukova Dumka",
_c1972.
300 _as. 197 :
_bilustr.
700 1 _aŻOLKEVIC, G. A.
040 _cBPK
041 _apol
080 _a535.37
942 _cKS
008 s pl f |000 0 pol
999 _c14544
_d14544
856 _uhttp://koha.tu.koszalin.pl/cgi-bin/koha/opac-detail.pl?biblionumber=14544
_yKatalog online BPK